00496nam a2200193 a 4500001001300000003000900013005001700022008004100039020001000080082001600090100002800106245003100134260003600165300000900201500003500210505001300245650001600258700002800274nice12345678IN_TiNIC20260116011408.0050524s1967 luca grp 000 0 urd  ac7.500a891.41bKHA aKhaleel, Abdu Ahad Khan aUrdu Ghazal Ke Pachas Saal aLucknowbNaseem Book Depoc1967 a440p aincludes index and biblioraphy2 aAppendix aUrdu-Poetry1 aKhaleel, Abdu Ahad Khan